日産自動車40年のあゆみ

Gardado en:
Detalles Bibliográficos
Autor Corporativo: 日産自動車株式会社
Formato: Libro
Idioma:Undetermined
Publicado: 東京 日産自動車 1973
Những chủ đề:
Các nhãn: Engadir etiqueta
Sen Etiquetas, Sexa o primeiro en etiquetar este rexistro!
Thư viện lưu trữ: Trung tâm Học liệu Trường Đại học Cần Thơ
LEADER 00512nam a2200193Ia 4500
001 CTU_93481
008 210402s9999 xx 000 0 und d
082 |a 338.8 
082 |b N726 
110 |a 日産自動車株式会社 
245 0 |a 日産自動車40年のあゆみ 
245 0 |c 日産自動車株式会社 
260 |a 東京 
260 |b 日産自動車 
260 |c 1973 
650 |a Corporations 
650 |x Japan 
904 |i Ngoc 
980 |a Trung tâm Học liệu Trường Đại học Cần Thơ